La mojana: poblamiento, producción y conflicto social / (Registro nro. 5000)
[ vista simple ]
| 000 -LEADER | |
|---|---|
| fixed length control field | 00967nam a2200253Ia 4500 |
| 003 - CONTROL NUMBER IDENTIFIER | |
| control field | OSt |
| 005 - DATE AND TIME OF LATEST TRANSACTION | |
| control field | 20200420165827.0 |
| 008 - FIXED-LENGTH DATA ELEMENTS--GENERAL INFORMATION | |
| fixed length control field | 191128s1994 ck abo gr 000 0dspa d |
| 040 ## - CATALOGING SOURCE | |
| Original cataloging agency | CO-JMCR |
| Transcribing agency | CO-JMCR |
| 041 0# - LANGUAGE CODE | |
| Language code of text/sound track or separate title | spa |
| 082 04 - DEWEY DECIMAL CLASSIFICATION NUMBER | |
| Classification number | 303.6 / |
| Item number | R153m |
| 100 1# - MAIN ENTRY--PERSONAL NAME | |
| Personal name | Ramírez del Valle, Bernardo, |
| Relator term | autor |
| 9 (RLIN) | 3290 |
| 245 13 - TITLE STATEMENT | |
| Title | La mojana: poblamiento, producción y conflicto social / |
| Statement of responsibility, etc. | Bernardo Ramírez del Valle, Edgar Rey Sinning |
| 250 ## - EDITION STATEMENT | |
| Edition statement | Primera edición |
| 260 ## - PUBLICATION, DISTRIBUTION, ETC. | |
| Place of publication, distribution, etc. | Cartagena : |
| Name of publisher, distributor, etc. | Costa Norte, |
| Date of publication, distribution, etc. | 1994 |
| 300 ## - PHYSICAL DESCRIPTION | |
| Extent | 198 páginas : |
| Other physical details | Ilustraciones en blanco y negro, fotografías, mapas ; |
| Dimensions | 23 cm. |
| 500 ## - GENERAL NOTE | |
| General note | Incluye biografía del los autores en las solapas. |
| 504 ## - BIBLIOGRAPHY, ETC. NOTE | |
| Bibliography, etc. note | Bibliografía: páginas 184-187. |
| 505 ## - FORMATTED CONTENTS NOTE | |
| Formatted contents note | La tierra del Mohan -- La tierra Fertil -- La tierra de nadie |
| 650 14 - SUBJECT ADDED ENTRY--TOPICAL TERM | |
| Topical term or geographic name entry element | Luchas sociales |
| Geographic subdivision | Colombia |
| 9 (RLIN) | 3291 |
| 650 24 - SUBJECT ADDED ENTRY--TOPICAL TERM | |
| Topical term or geographic name entry element | Geografía y cultura |
| General subdivision | Tierras |
| 9 (RLIN) | 3292 |
| 700 1# - ADDED ENTRY--PERSONAL NAME | |
| Personal name | Rey Sinning, Edgar, |
| Relator term | autor |
| 9 (RLIN) | 3293 |
| 942 ## - ADDED ENTRY ELEMENTS (KOHA) | |
| Source of classification or shelving scheme | Dewey Decimal Classification |
| Koha item type | Books |
| Withdrawn status | Lost status | Source of classification or shelving scheme | Materials specified (bound volume or other part) | Damaged status | Not for loan | Home library | Current library | Shelving location | Date acquired | Source of acquisition | Cost, normal purchase price | Total Checkouts | Full call number | Barcode | Date last seen | Copy number | Price effective from | Koha item type |
|---|---|---|---|---|---|---|---|---|---|---|---|---|---|---|---|---|---|---|
| Dewey Decimal Classification | Donación--15/04/2018-- | Biblioteca Pública José María del Castillo y Rada | Biblioteca Pública José María del Castillo y Rada | General Stacks | 11/28/2019 | Donación | 0.00 | 303 6 / R153m | 430001124 | 05/16/2024 | Ej.1 | 11/28/2019 | Books |